Reigate and Banstead BC and Wray (Record no. 50737)
[ view plain ]
| 000 -LEADER | |
|---|---|
| fixed length control field | 01299cab a2200217 4500 |
| 001 - CONTROL NUMBER | |
| control field | X86192 |
| 008 - FIXED-LENGTH DATA ELEMENTS--GENERAL INFORMATION | |
| fixed length control field | 090401t1997 xxu||||| |||| 00| 0 eng d |
| 035 ## - SYSTEM CONTROL NUMBER | |
| System control number | (Sirsi) u80604 |
| 041 ## - LANGUAGE CODE | |
| Language code of text/sound track or separate title | eng |
| 245 ## - TITLE STATEMENT | |
| Title | Reigate and Banstead BC and Wray |
| 260 ## - PUBLICATION, DISTRIBUTION, ETC. | |
| Date of publication, distribution, etc. | 1997 |
| 350 ## - PRICE (NR) (BK AM CF MU VM SE) [OBSOLETE] | |
| Price | 0 |
| 490 ## - SERIES STATEMENT | |
| Series statement | Planning Appeal Decisions |
| Volume/sequential designation | [1997] 12 PAD 332-342(11) |
| 520 ## - SUMMARY, ETC. | |
| Summary, etc. | Hearing 4 June 1997. Enforcement notices-use of agricultural land for storage/parking, breaking and repair of motor vehicles-first decision letter remitted by High Court to SoS for re-hearing and re-determination-unit of occupation-composite use-planning unit-accuracy of description of breach-whether possible to correct allegations in notices without injustice-deemed applications-Structure and Local Plans-character and appearance of area-visual and residential amenities-traffic generation-access-external storage-conditions-requirements of notices-compliance period. Costs-whether Council had been unreasonable in not withdrawing 1991 notices and relying on earlier notices. Taken from headnote. |
| 650 ## - SUBJECT ADDED ENTRY--TOPICAL TERM | |
| Topical term or geographic name entry element | PROPERTY-RURAL AND NATURAL ASSETS-AGRICULTURAL PROPERTY-AGRICULTURAL LAND |
| 650 ## - SUBJECT ADDED ENTRY--TOPICAL TERM | |
| Topical term or geographic name entry element | COSTS |
| 650 ## - SUBJECT ADDED ENTRY--TOPICAL TERM | |
| Topical term or geographic name entry element | ENFORCEMENT NOTICES |
| 690 ## - LOCAL SUBJECT ADDED ENTRY--TOPICAL TERM (OCLC, RLIN) | |
| Topical term or geographic name as entry element | PLANNING LAW AND PRACTICE-CASE LAW |
| 942 ## - ADDED ENTRY ELEMENTS (KOHA) | |
| Suppress in OPAC | 0 |
| 948 ## - LOCAL PROCESSING INFORMATION (OCLC); SERIES PART DESIGNATOR (RLIN) | |
| c (OCLC) | 01/09/1997 |
| Withdrawn status | Lost status | Source of classification or shelving scheme | Damaged status | Not for loan | Home library | Current library | Shelving location | Date acquired | Total Checkouts | Full call number | Barcode | Date last seen | Copy number | Price effective from | Koha item type |
|---|---|---|---|---|---|---|---|---|---|---|---|---|---|---|---|
| Dewey Decimal Classification | London | London | Journal article | 14/09/1999 | X86192 | 80604-1001 | 06/08/2019 | 1 | 06/08/2019 | Law report |